000 00271nam a22001217a 4500
008 180924b xxu||||| |||| 00| 0 eng d
041 _aeng
080 _a610
100 _a4
101 _aSHM
245 _aDiabetes what you should know
_cKereiakes,D.J
942 _2udc
_cBK
999 _c48328
_d48328